Uso de drones en la atención prehospitalaria en situaciones de emergencia una mirada desde el contexto mundial y local : (Registro nro. 2918)

Detalles MARC
000 -LEADER
fixed length control field 04233nam a2200313 i 4500
001 - CONTROL NUMBER
control field 0000076145
005 - DATE AND TIME OF LATEST TRANSACTION
control field 20250329165414.0
007 - PHYSICAL DESCRIPTION FIXED FIELD--GENERAL INFORMATION
fixed length control field ta
008 - FIXED-LENGTH DATA ELEMENTS--GENERAL INFORMATION
fixed length control field 190415s2024 000 0 eng d
040 ## - CATALOGING SOURCE
Original cataloging agency CO-CtgCURN
Language of cataloging spa
Transcribing agency coctgcurn
Description conventions rda
082 0# - DEWEY DECIMAL CLASSIFICATION NUMBER
Classification number APH 2024
Item number B641
100 1# - MAIN ENTRY--PERSONAL NAME
Personal name Blanco, Andrés Mauricio,
Relator term author.
Relationship aut
245 10 - TITLE STATEMENT
Title Uso de drones en la atención prehospitalaria en situaciones de emergencia una mirada desde el contexto mundial y local :
Remainder of title revisión de la literatura /
Statement of responsibility, etc. Andrés Mauricio Blanco; Bercy Liliana Ortiz; Ángel Guillermo Artuz; Isabel Cristina Ríos Domínguez; David Gómez Caicedo.
260 ## - PUBLICATION, DISTRIBUTION, ETC.
Place of publication, distribution, etc. Cartagena de Indias :
Name of publisher, distributor, etc. Corporación Universitaria Rafael Núñez,
Date of publication, distribution, etc. 2024.
300 ## - PHYSICAL DESCRIPTION
Extent 29 hojas.
336 ## - CONTENT TYPE
Content type term text
Content type code txt
Source rdacontent
337 ## - MEDIA TYPE
Media type term unmediated
Media type code n
Source rdamedia
338 ## - CARRIER TYPE
Carrier type term volume
Carrier type code nc
Source rdacarrier
504 ## - BIBLIOGRAPHY, ETC. NOTE
Bibliography, etc. note Trabajo de grado (Tecnologo en Atencion Prehospitalaria). Corporación Universitaria Rafael Nuñez. Facultad de Ciencias de la Salud. Tecnologia en Atencion Prehospitalaria, 2024.
520 ## - SUMMARY, ETC.
Summary, etc. "El trabajador en atención prehospitalaria (T-APH) se encuentra constantemente expuesto a situaciones de alto estrés emocional debido a la naturaleza inestable de su profesión. Es común que este profesional se enfrente en su diario a muertes, traumas, suicidios, abusos, entre otras situaciones que puede desestabilizar sus emociones y salud mental. Por ello, el T-APH es propenso a padecer trastornos de depresión, ansiedad y estrés que afectan sus relaciones interpersonales, su rendimiento en el trabajo y su calidad de vida en general. Por lo que es fundamental de constante monitoreo de la salud mental de estos trabajadores. En países poco desarrollados como Estados Unidos se ha identificado plenamente la relación entre algunos factores de riesgo como fumar y consumo de medicamentos con el desarrollo de afecciones mentales en el personal que labora en atención prehospitalaria. Sin embargo, en países como Colombia son escasos los estudios que han abordado la temática, por lo tanto, se desconocen los factores de riesgo y porcentaje de trabajadores en atención hospitalaria con trastornos de depresión, ansiedad y estrés. El objetivo del presente trabajo fue describir los trastornos de ansiedad, depresión y estrés en el personal que labora en atención prehospitalaria mediante una revisión narrativa de literatura publicada entre 2013 y 2023. Para ello se realizo una búsqueda bibliogrfica en la base de datos Pubmed. Se seleccionaron únicamente artículos originales de investigación publicados entre los años 2013 y 2023. Se eligieron un total de 9 artículos que cumplieron con los criterios de inclusión. El análisis de estos artículos indico que el principal trastorno padecido por este personal es ansiedad. El principal método para identificar trastornos psicosociales en trabajadores de atención prehospitalaria son encuestas seguidas de análisis estadísticos que incluyan modelos de regresión que permitan correlacionar los diferentes trastornos con factores de riesgo. Los factores de riesgos identificados por los estudios revisados variaban según el país de estudio. Sin embargo, los principales factores reconocidos fueron el padecimiento de enfermedades crónicas, horas de sueño y condición de fumador. Estos resultados permiten tener un acercamiento con metodologías de investigaciones que consientan establecer la prevalencia de trastornos psicosociales en el T-APH. Por lo cual, se propone para futuros estudios el uso de encuestas para aplicar en T-APH locales e identificar sus niveles de ansiedad, depresión y estrés, además de sus factores de riesgo"
650 14 - SUBJECT ADDED ENTRY--TOPICAL TERM
Topical term or geographic name entry element Atención prehospitalaria
Form subdivision Tesis y disertaciones academicas.
700 1# - ADDED ENTRY--PERSONAL NAME
Personal name Ortiz, Bercy Liliana.
700 1# - ADDED ENTRY--PERSONAL NAME
Personal name Artuz, Ángel Guillermo.
700 1# - ADDED ENTRY--PERSONAL NAME
Personal name Ríos Domínguez, Isabel Cristina,
Relator term directora.
700 1# - ADDED ENTRY--PERSONAL NAME
Personal name Gómez Caicedo, David,
Relator term asesor.
856 ## - ELECTRONIC LOCATION AND ACCESS
Uniform Resource Identifier <a href="https://unicurn.sharepoint.com/:b:/s/biblioteca/ESS30B3m8_RIkFw9YOZqxkQBOI0dN3msU0V33Nom9fdSyA?e=Oiwbey">https://unicurn.sharepoint.com/:b:/s/biblioteca/ESS30B3m8_RIkFw9YOZqxkQBOI0dN3msU0V33Nom9fdSyA?e=Oiwbey</a>
Public note Click aqui para ver el recurso en texto completo
942 ## - ADDED ENTRY ELEMENTS (KOHA)
Source of classification or shelving scheme Dewey Decimal Classification
Koha item type Trabajos de grado
Classification part APH 2024
Item part S582
Existencias
Withdrawn status Lost status Source of classification or shelving scheme Damaged status Not for loan Collection Home library Current library Shelving location Date acquired Source of acquisition Cost, normal purchase price Inventory number Total checkouts Full call number Barcode Date last seen Price effective from Koha item type
    Dewey Decimal Classification     Trabajos de grado Miguel Henríquez Emiliani Miguel Henríquez Emiliani Trabajo de grado 06/01/2019 El autor 350000.00 025327   APH 2024 B641 025327 03/29/2025 03/29/2025 Trabajos de grado